000 00481nam a2200181 i 4500
001 76782
003 ES-MaACL
005 20240421063020.0
007 t|
008 041005s1966 sp ||||1| spa d
100 _aGuillén, Rafael,
_d1933-2023
_9235890
245 1 0 _aHombre en paz /
_cRafael Guillén.
260 _aMadrid :
_bEd. Nacional,
_c1966.
300 _a60 p. ;
_c21 cm.
852 _aES-MaACL
_jC-29216
_bR.59567
942 _2udc
999 _c76782
_d76782